000 00524nam a2200193 a 4500
001 1768113746136
003 YourLibrary
005 20260111121358.0
008 260111s2006##################000#0#eng##
020 _a9780763734633
082 0 4 _a618.1453
_bRIC
100 1 _aRicks, Delthia,
_eauthor.
245 1 0 _a100 Questions and Answers about Hysterectomy :
260 _bJones & Bartlett Learning,
_c2006.
300 _a220 pages
650 0 _aMedical.
942 _cENGLISH
040 _aYourLibrary
_beng
_cYourLibrary
999 _c608195
_d608195